000 00801nam a2200205 a 4500
001 000048426
005 20201002061138.0
008 190314s2019 dr ac 000 0 spa d
020 _a9789945614169
040 _aDO-SdBNP
_bspa
_cBNPHU
082 _axxx
_bxxx
100 1 _aGarcía Butten, Carolina
_cDra.
_975841
245 1 0 _aCómo coexistir con tu insuficiencia renal crónica :
_buna guía para pacientes /
_cCarolina García Butten ; prólogo Juan B. Abreu Reyes.
260 _aSanto Domingo, :
_bSantuario,
_c2019.
300 _a76 p. :
_bilustraciones, retratos ;
_c24 cm.
500 _aLa biblioteca posee 3 ejemplares autografíados por el autor.
504 _aBibliografía y linkografía p: 73-76
590 _aInventariado, 2019/ YL
700 1 _aAbreu Reyes, Juan B.
_cDr.
_eprólogo
_975842
999 _c47914
_d47914